Total Sustainability in the Built Environment (Record no. 115107)

MARC details
000 -LEADER
fixed length control field 00900cam a22002415a 4500
001 - CONTROL NUMBER
control field L158055
008 - FIXED-LENGTH DATA ELEMENTS--GENERAL INFORMATION
fixed length control field 140227s2013 xxk f 000 0 eng d
020 ## - INTERNATIONAL STANDARD BOOK NUMBER
International Standard Book Number 9780230390584
035 ## - SYSTEM CONTROL NUMBER
System control number (Sirsi) u158055
041 0# - LANGUAGE CODE
Language code of text/sound track or separate title eng
050 04 - LIBRARY OF CONGRESS CALL NUMBER
Classification number 333.72 COT
100 1# - MAIN ENTRY--PERSONAL NAME
Personal name Cotgrave, Alison
245 00 - TITLE STATEMENT
Title Total Sustainability in the Built Environment
260 ## - PUBLICATION, DISTRIBUTION, ETC.
Place of publication, distribution, etc. Basingstoke
Name of publisher, distributor, etc. Palgrave Macmillan
Date of publication, distribution, etc. 2013
300 ## - PHYSICAL DESCRIPTION
Extent xvii, 308p, 24.5cm
520 ## - SUMMARY, ETC.
Summary, etc. Covers sustainability issues for the whole life cycle of a construction project, from the planning phase to considering how the building will be used in a sustainable way once construction is completed. Includes all aspects of construction including renewable energy sources and refurbishment.
590 ## - LOCAL NOTE (RLIN)
Local note KA
651 #4 - SUBJECT ADDED ENTRY--GEOGRAPHIC NAME
Geographic name United Kingdom
690 ## - LOCAL SUBJECT ADDED ENTRY--TOPICAL TERM (OCLC, RLIN)
Topical term or geographic name as entry element BUILT ENVIRONMENT
690 ## - LOCAL SUBJECT ADDED ENTRY--TOPICAL TERM (OCLC, RLIN)
Topical term or geographic name as entry element Sustainability
9 (RLIN) 6271
700 1# - ADDED ENTRY--PERSONAL NAME
Personal name Riley, Mike
942 ## - ADDED ENTRY ELEMENTS (KOHA)
Suppress in OPAC 0
Holdings
Withdrawn status Lost status Source of classification or shelving scheme Damaged status Not for loan Home library Current library Shelving location Date acquired Total Checkouts Full call number Barcode Date last seen Copy number Price effective from Koha item type
    Dewey Decimal Classification     London London Books 27/02/2014   333.72 30075105 06/08/2019 1 06/08/2019 Book